Being fluent with information technology

Αποθηκεύτηκε σε:
Λεπτομέρειες βιβλιογραφικής εγγραφής
Συγγραφή απο Οργανισμό/Αρχή: National Research Council (U.S.) Committee on Information Technology Literacy
Μορφή: Βιβλίο
Γλώσσα:English
Δημοσίευση: Washington (D.C.) : National Academy Press, c1999
Θέματα:
Ετικέτες: Προσθήκη ετικέτας
Δεν υπάρχουν, Καταχωρήστε ετικέτα πρώτοι!

MARC

LEADER 00000nam a2200000 i 4500
001 1/15453
008 010119s1999 eng d
020 |a 0-309-06399-X 
035 |l 10065413 
040 |a GR-MY-UA  |b gre  |e aacr 
041 0 |a eng 
082 0 |a 004 
110 2 |a National Research Council (U.S.)  |b Committee on Information Technology Literacy. 
245 1 0 |a Being fluent with information technology /  |c Committee on Information Technology Literacy; Computer Science and Telecommunications Board; Commission on Physical Sciences, Mathematics, and Applications; National Research Council 
260 |a Washington (D.C.) :   |b National Academy Press,   |c c1999 
300 |a xiii, 112 p.;  |c 23 cm. 
504 |a Includes bibliographical references. 
650 0 0 |a Information technology. 
852 |a INST  |b SYROS  |e 20010119  |h 004 NAT  |p 005500001775  |q 005500001775  |t BK  |y 0 
901 |a BIBL5-2001-1 
909 |a Ε  |b 084160 
922 |a 5ΕΛΗ  |b 200101  |c ΓΡΑΦΙΚΩΝ ΤΕΧΝΩΝ  |d LEADER BOOKS 
970 |a ΚΟΝΤΟΥ  |b ΠΑΡΑΣΚΕΥΗ  |z 2001/01/19